Jugadores Australia* - Estadísticas

Estadísticas generales
  • Esta prueba ha sido intentada 9 veces
  • La puntuación promedio es 5 de 20
Estadísticas de respuestas
Imagen Respuesta % Correcto
Irvine
67%
Ryan
67%
Maclaren
50%
Wood
50%
Degenek
33%
Devlin
33%
Goodwin
33%
Leckie
33%
Rowles
33%
Circati
17%
Duke
17%
Luongo
17%
Mcgree
17%
Nisbet
17%
Souttar
17%
Burgess
0%
Cacace
0%
Joe Bell
0%
Paulsen
0%
Stamenic
0%
No se encontraron pruebas coincidentes
Distribución de puntuación
Porcentaje de gente con cada puntuación
Porcentaje por número respondido
Historial de tus puntuaciones
No has intentado esta prueba.